Memoria

Guardat en:
Dades bibliogràfiques
Autor corporatiu: SINTERCAFE
Format: Text
Publicat: San José: SINTERCAFE
Etiquetes: Afegir etiqueta
Sense etiquetes, Sigues el primer a etiquetar aquest registre!

MARC

LEADER 00000 a a2200000 04500
001 23324
003
040
090 |a 161600  
110 |a SINTERCAFE  
245 |a Memoria  
260 |a San José:   |b SINTERCAFE  
300 |a s.p.   |b **no definido**   |b fonodiscos  
999 |c 12787  |d 12787